| 000 | 00608nam a22001937a 4500 | ||
|---|---|---|---|
| 005 | 20240923150726.0 | ||
| 010 | _aENG-141348 | ||
| 020 |
_a9788192060911 _c290.00 |
||
| 035 | _aEN-124880 | ||
| 037 | _bDBAD | ||
| 082 |
_a658.82 _21 |
||
| 100 |
_aPrasad, G. _971878 |
||
| 245 |
_aBusiness: _bPromotion & Management/ _cBy G. Prasad |
||
| 250 | _a1 | ||
| 260 |
_aAndhra Pradesh _bJai Bharath Publishers _c2023 |
||
| 270 |
_a2/18 Brodiepet, D No. 5-19-33/1Guntur _bAndhra Pradesh _e522002 _k9885166397 _mjbp682@gmail.com |
||
| 300 |
_a396p.: _c20cm.(pbk) |
||
| 942 |
_2ddc _cEN _h658.82 _mPRA _e1 |
||
| 999 |
_c205141 _d205141 |
||